Top 10 najpopularniejszych ras psów - Statystyki

Ogólne statystyki
  • Ten quiz został rozwiązany 459 razy
  • Średni wynik to 2 z 10
Statystyki odpowiedzi
Hint Odpowiedź % Poprawnych
pomaga policji Owczarek niemiecki
97%
zimowy pies husky
51%
mała rasa York shire terrier
19%
ma długie uszy beagle
16%
jego uszy stoją Buldog francuski
12%
jest biało brązowo czarny Berneński pies pasterski
4%
podobny do maltańczyka West highland white terrier
2%
może być rudy albo czarny Coker spaniel
1%
może być duży może być malutki Sznaucer miniaturowy
1%
ma długi ogon American staffordshire terrier
0%
Nie znaleziono quizów pasujących do podanych kryteriów
Rozkład punktacji
Procent ludzi z każdym wynikiem
Percentyl według liczby udzielonych odpowiedzi
Twoja historia wyników
Nie rozwiązałeś tego quizu